000 005820000a22001690004500
090 _aAR
_b01587
245 1 0 _aTendencia poblacional del venado cola blanca en un bosque tropical caducifolio de Jalisco
650 1 4 _aDinámica poblacional
_9608
650 1 4 _aEcología de poblaciones
_93557
650 1 4 _aUso del hábitat
_93825
651 4 _lChamela
_dJalisco
_pMéxico
_992749
653 _gOdocoileus
_eOdocoileus virginianus
041 0 _aEspañol
100 1 _aCabrera Valtierra, Manuel
_994970
942 _cARTICULO
773 1 _tSimposio sobre Fauna Silvestre
_3559
_q298-305
_d1992
999 _c10668
_d10668